Cultivo del almendro / (Record no. 127412)

MARC details
000 -LEADER
campo de control de longitud fija 00570nam a2200169 4500
001 - NÚMERO DE CONTROL
campo de control 127412
003 - IDENTIFICADOR DE NÚMERO DE CONTROL
campo de control ES-MaACL
005 - FECHA Y HORA DE LA ÚLTIMA TRANSACCIÓN
campo de control 20230906193019.0
007 - CAMPO FIJO DE DESCRIPCIÓN FÍSICA--INFORMACIÓN GENERAL
campo de control de longitud fija t|
008 - DATOS DE LONGITUD FIJA--INFORMACIÓN GENERAL
campo de control de longitud fija 070214s1965 sp r ||||1| spa d
100 1# - ENTRADA PRINCIPAL--NOMBRE DE PERSONA
Nombre de persona Riera, Francisco Javier
Títulos y otros términos asociados al nombre (agrónomo)
9 (RLIN) 97102
245 10 - MENCIÓN DEL TÍTULO
Título Cultivo del almendro /
Mención de responsabilidad, etc. Francisco Javier Riera ; actualización del material recopilado por Juan Salom Galafell.
260 ## - PUBLICACIÓN, DISTRIBUCIÓN, ETC.
Lugar de publicación, distribución, etc. Barcelona :
Nombre del editor, distribuidor, etc. Aedos,
Fecha de publicación, distribución, etc. 1965.
300 ## - DESCRIPCIÓN FÍSICA
Extensión 130 p., 6 lám. :
Otras características físicas il. ;
Dimensiones 20 cm.
700 1# - ENTRADA AGREGADA--NOMBRE PERSONAL
Nombre de persona Salom Galafell, Juan.
9 (RLIN) 102012
852 ## - LOCALIZACIÓN
Ubicación ES-MaACL
Número de control de estantería D-9309
Sublocalización o colección R.58424
Holdings
Estatus retirado Estado de pérdida Estado de daño No para préstamo Biblioteca de origen Biblioteca actual Ubicación en estantería Fecha de adquisición Fuente de adquisición Total de préstamos Signatura topográfica completa Código de barras Visto por última vez Precio de reemplazo Tipo de ítem Koha
        Biblioteca del Ateneo de Madrid Biblioteca del Ateneo de Madrid Sala Valle Inclán 17/01/2008     D-9309 901132706 23/02/2023 23/02/2023 Libro impreso